| 000 | 00776cam a2200241 a 4500 | ||
|---|---|---|---|
| 001 | 000013379 | ||
| 005 | 20200929163218.0 | ||
| 008 | 790126s1979 pr ab b 001 0 spa d | ||
| 020 | _a0847723232 | ||
| 035 | _a(DLC) 79000904 | ||
| 040 |
_aDO-SdBNP _bspa _cDLC _dBNPHU |
||
| 082 |
_a338.3727 _bS939m |
||
| 100 | 1 |
_aSuárez Caabro, José A. _930613 |
|
| 245 | 1 | 3 |
_aEl mar de Puerto Rico : _buna introducción a las pesquerías de la Isla / _cJosé A. Suárez Caabro. |
| 260 |
_aRío Piedra, Puerto Rico : _bUniversitaria, _c1979. |
||
| 300 |
_axxii, 259 p. : _bil., mapas ; _c25 cm. |
||
| 504 | _aBibliografía: [223]-242. | ||
| 500 | _aIncluye índice. | ||
| 650 | 4 |
_aPesca _zPuerto Rico _930614 |
|
| 910 | _aCatalogación por copia / LC | ||
| 910 | _aWM | ||
| 049 | _aBNGR | ||
| 999 |
_c13005 _d13005 |
||